| 000 | 02234nam a2200325 a 4500 | ||
|---|---|---|---|
| 003 | CO-PeBPR | ||
| 005 | 20260424114729.0 | ||
| 008 | 260415e2024 ck a|||| n||| 00| 0 spa c | ||
| 020 | _a9786289648430 | ||
| 040 | 0 |
_aCO-PeBPR _bspa _cCO-PeBPR _erda |
|
| 041 | 0 | _hspa | |
| 082 | 0 | 4 | _a862.7 V297t |
| 100 | 1 |
_aVargas, Arístides _eautor |
|
| 245 | 1 | 0 |
_aTeatro al borde de la mesa _c/ Arístides Vargas ; prólogo de Jaime Chabaud ; editado por Iván Andrés Chávez |
| 250 | _aEdición especial | ||
| 264 | 1 |
_aBogotá, Colombia _b: Fundación Mulato _c, 2024 |
|
| 300 |
_a331 Páginas _b: ilustraciones, fotografías en blanco y negro _c; 22 centímetros |
||
| 336 |
_atexto _btxt _crdacontenido |
||
| 337 |
_asin mediación _bn _2rdamedio |
||
| 338 |
_avolumen _bnc _2rdasoporte |
||
| 500 | _aIncluye índice. | ||
| 520 | _aLos textos de Arístides te pierden en cuanto a cómo funciona la relación fábula-acción al tiempo que te arroba con la portentosa capacidad de construir frases poéticas, metáforas, oxímoros e ironías del tamaño de un monumento ácrata. Y por eso analizarlos en tanto maqui- naria, en su funcionamiento, implica la renuncia al disfrute de sus diálo- gos fantásticos y demoledores. Fantásticos porque aluden a una realidad torcida, distorsionada por la imperfección de los múltiples espejos que el dramaturgo escoge para mostrarla mediante imágenes verbales-acción que obliga a releerlas y disfrutarlas como un manjar inaudito que por primera vez entra en contacto con nuestras papilas gustativas. A ese lector saboreador, sibarita, que hace años se encontró con la pluma del u201cNegrou201d Arístides, se ha de renunciar si se quiere saber cómo es que articula sus estructuras que, como dije, son bastante recurrentes o parecidas, no como demérito sino más bien como un gesto del autor que construye la obra de una vida; su obra en el tiempo. Cada texto, por tanto, es un fragmento de un conjunto mayor. | ||
| 650 | 1 | 4 |
_2LEMB _aTeatro argentino |
| 650 | 1 | 4 |
_2LEMB _aTeatro _xColecciones |
| 650 | 1 | 4 |
_2LEMB _aLiteratura argentina |
| 650 | 1 | 4 |
_2LEMB _aMetáfora en el teatro |
| 700 | 1 |
_aChabaud, Jaime _d1966 _eprologuista |
|
| 700 | 1 |
_aChávez, Iván Andrés _eeditor |
|
| 942 |
_2ddc _cBKLIT |
||
| 999 |
_c17781 _d17781 |
||